| 000 | 00570nam a22001937a 4500 | ||
|---|---|---|---|
| 999 |
_c6659 _d6659 |
||
| 003 | OSt | ||
| 005 | 20200224103551.0 | ||
| 008 | 200224b ||||| |||| 00| 0 eng d | ||
| 020 | _a9780273715566 | ||
| 040 | _cDDC | ||
| 082 | _a150.72WOO 2009. | ||
| 100 |
_aWood,Clare;Giles,David;Percy,Carol; _913703 |
||
| 245 |
_aYour psychology Project Handbook. _bBecoming Researcher, |
||
| 260 |
_aEngland, _bPearson-Prentice hall; _c2009. |
||
| 300 |
_axi,202p; _bcol,ill; _c24cm. |
||
| 504 | _aincludes references and index. | ||
| 650 |
_aPsychology. _931 |
||
| 942 |
_2ddc _cO_SHELF |
||